|
|
|
|
| LEADER |
01408cam a2200385 a 4500 |
| 001 |
nkc20081819982 |
| 003 |
CZ PrNK |
| 005 |
20090114144833.0 |
| 007 |
ta |
| 008 |
080918s2008 xr a 000 p cze d |
| 015 |
|
|
|a cnb001819982
|
| 020 |
|
|
|a 978-80-7232-360-9
|q (váz.)
|
| 035 |
|
|
|a (OCoLC)294935452
|
| 040 |
|
|
|a TAG001
|b cze
|d CBA001
|d BOA001
|d ABA001
|
| 072 |
|
7 |
|a 821.162.3-1
|x Česká poezie
|2 Konspekt
|9 25
|
| 072 |
|
7 |
|a 821-93
|x Literatura pro děti a mládež (beletrie)
|2 Konspekt
|9 26
|
| 080 |
|
|
|a 821-93
|2 MRF
|
| 080 |
|
|
|a 821.162.3-1
|2 MRF
|
| 080 |
|
|
|a (0:82-1)
|2 MRF
|
| 100 |
1 |
|
|a Lebeda, Jan,
|d 1936-
|7 mzk2005269619
|4 aut
|
| 245 |
1 |
0 |
|a Básničky do batůžku /
|c Jan Lebeda ; ilustrace Oldřich Tripes
|
| 250 |
|
|
|a 1. vyd.
|
| 260 |
|
|
|a České Budějovice :
|b Kopp,
|c 2008
|
| 300 |
|
|
|a 47 s. :
|b barev. il. ;
|c 23 cm
|
| 655 |
|
7 |
|a česká poezie
|7 fd133958
|2 czenas
|
| 655 |
|
7 |
|a publikace pro děti
|7 fd133156
|2 czenas
|
| 655 |
|
9 |
|a Czech poetry
|2 eczenas
|
| 655 |
|
9 |
|a children's literature
|2 eczenas
|
| 700 |
1 |
|
|a Tripes, Oldřich,
|d 1933-2020
|7 jn20000810269
|4 ill
|
| 856 |
4 |
1 |
|u http://www.digitalniknihovna.cz/mzk/uuid/uuid:e4b77d10-7ea9-11e3-b80c-005056827e51
|y Digitalizovaný dokument
|x NDK
|
| 910 |
2 |
|
|a BOA001
|b 2-1213.343
|
| 990 |
|
|
|a BK
|
| 995 |
|
|
|a 01
|
| 991 |
|
|
|b 200811
|
| 996 |
6 |
|
|b 2610359244
|c 2-1213.343
|l MZK
|r Sklad / do 1 hodiny
|n 3
|p p.v.
|w 000919730
|u 000010
|a 1
|e BOA001
|j MZK50
|s P
|